Hércules el forzudo (Record no. 7344)

MARC details
000 -LEADER
campo de control de longitud fija 00780nam a2200289 a 4500
003 - IDENTIFICADOR DE NÚMERO DE CONTROL
campo de control AR-BaBNM
005 - FECHA Y HORA DE LA ÚLTIMA TRANSACCIÓN
campo de control 20251128204416.0
008 - DATOS DE LONGITUD FIJA--INFORMACIÓN GENERAL
campo de control de longitud fija 082120s2002 ||||||||||||||000 | spa||
020 ## - NÚMERO INTERNACIONAL ESTÁNDAR DEL LIBRO
Número Internacional Estándar del Libro 950-25-1703-2
040 ## - FUENTE DE CATALOGACIÓN
Centro/agencia transcriptor AR-BaBNM
100 1# - ENTRADA PRINCIPAL--NOMBRE DE PERSONA
Nombre de persona Montes, Graciela
245 00 - MENCIÓN DEL TÍTULO
Título Hércules el forzudo
Resto del título mitología griega
260 ## - PUBLICACIÓN, DISTRIBUCIÓN, ETC.
Lugar de publicación, distribución, etc. Buenos Aires
Nombre del editor, distribuidor, etc. Centro Editor de América Latina
Fecha de publicación, distribución, etc. 1993
300 ## - DESCRIPCIÓN FÍSICA
Extensión 28 p.
Otros detalles físicos il.
490 #0 - MENCIÓN DE SERIE
Mención de serie Los libritos del Centro Editor. Serie Verde
Designación de volumen o secuencia v. 3
650 #4 - PUNTO DE ACCESO ADICIONAL DE MATERIA--TÉRMINO DE MATERIA
Término de materia o nombre geográfico como elemento de entrada CUENTO INFANTIL
650 #4 - PUNTO DE ACCESO ADICIONAL DE MATERIA--TÉRMINO DE MATERIA
Término de materia o nombre geográfico como elemento de entrada MITOLOGIA
650 #4 - PUNTO DE ACCESO ADICIONAL DE MATERIA--TÉRMINO DE MATERIA
Término de materia o nombre geográfico como elemento de entrada LITERATURA INFANTIL
650 #4 - PUNTO DE ACCESO ADICIONAL DE MATERIA--TÉRMINO DE MATERIA
Término de materia o nombre geográfico como elemento de entrada CULTURA
650 #4 - PUNTO DE ACCESO ADICIONAL DE MATERIA--TÉRMINO DE MATERIA
Término de materia o nombre geográfico como elemento de entrada HUMANIDADES
651 #4 - PUNTO DE ACCESO ADICIONAL DE MATERIA--NOMBRE GEOGRÁFICO
Nombre geográfico Grecia
653 ## - TÉRMINO DE INDIZACIÓN--NO CONTROLADO
Término no controlado ADAPTACIONES LITERARIAS
655 ## - TERMINO DE INDIZACIÓN--GENERO/FORMA
Datos o término principal de género/forma LITERATURA
700 1# - ENTRADA AGREGADA--NOMBRE PERSONAL
Nombre de persona Rojas, Oscar
Término indicativo de función/relación ilustrador
942 ## - ELEMENTOS DE ENTRADA SECUNDARIOS (KOHA)
Tipo de ítem Koha Libros
998 ## - INFORMACIÓN DE CONTROL LOCAL (RLIN)
Iniciales del catalogador, CIN (RLIN) isola
Holdings
Estatus retirado Estado de pérdida Fuente de la clasificación o esquema de estantería Estado de daño No para préstamo Biblioteca de origen Biblioteca actual Fecha de adquisición Total de préstamos Signatura topográfica completa Código de barras Visto por última vez Precio de reemplazo Tipo de ítem Koha
    Clasificación Decimal Dewey     Liberty Liberty 28/11/2025   82-93 C-LCE 3 091933 28/11/2025 28/11/2025 Libros
    Clasificación Decimal Dewey     Liberty Liberty 28/11/2025   82-93 C-LCE 3 091934 28/11/2025 28/11/2025 Libros
    Clasificación Decimal Dewey     Liberty Liberty 28/11/2025   82-93 C-LCE 3 094161 28/11/2025 28/11/2025 Libros